Resonancia (Registro nro. 318738)

Detalles MARC
000 -ENCABEZADO
Número de control [NR] 00903nam a2200253 a 4500
005 - FECHA Y HORA DE LA ÚLTIMA TRANSACCIÓN
control field 20210611151631.0
008 - DE LONGITUD FIJA DE DATOS DE ELEMENTOS - INFORMACIÓN GENERAL
Elementos de longitud fija [NR] 120830s2019 sp |||gr|||| 00| 0 spa d
020 ## - NUMERO INTERNACIONAL NORMALIZADO PARA LIBROS [R]
Número Internacional Normalizado del libro [NR] 9788415917458 (España)
020 ## - NUMERO INTERNACIONAL NORMALIZADO PARA LIBROS [R]
Número Internacional Normalizado del libro [NR] 9789874001245 (Argentina)
040 ## - FUENTE DE CATALOGACION [NR]
Agencia de catalogación original [NR] CO-BoUCM
Idioma de catalogación [NR] spa
Quien Cataloga Deissy Garcia
Quien Clasifica Deissy Garcia
041 1# - CODIGO DE IDIOMA [R]
Código de idioma para texto/pista de sonido o título separado [R] Español
-- Inglés
100 ## - ASIENTO PRINCIPAL--NOMBRE PERSONAL [NR]
Nombre personal [NR] Rosa, Hartmut
ID Autoridad 72811
Fechas asociadas con el nombre [NR] 1965-
245 10 - MENCION DE TITULO [NR]
Título [NR] Resonancia
Parte restante del título [NR] una sociología de la relación con el mundo
Mención de responsabilidad, etc. [NR] Hartmut Rosa ; traducido por Alexis E. Gros
260 ## - PUBLICACION, DISTRIBUCION, ETC. (PIE DE IMPRENTA) [R]
Lugar de publicación, distribución, etc. [R] Madrid
Nombre del editor, distribuidor, etc. [R] Katz
Fecha de publicación, distribución, etc. [R] 2019
300 ## - DESCRIPCION FISICA [R]
Extensión [R] 589 páginas
490 0# - MENCION DE SERIE [R]
Mención de serie [R] Conocimiento
ISBN [NR] 3103
504 ## - NOTA DE BIBLIOGRAFIA, ETC. [R]
Nota de bibliografía, etc. [NR] Incluye referencias bibliográficas
650 #7 - ASIENTO SECUNDARIO DE MATERIA - TERMINO TEMATICO [R]
Término temático o nombre geográfico como elemento de entrada [NR] Sociología
9 (RLIN) 386
650 #7 - ASIENTO SECUNDARIO DE MATERIA - TERMINO TEMATICO [R]
Término temático o nombre geográfico como elemento de entrada [NR] Individuo
Subdivisión general [R] Aspectos sociales
9 (RLIN) 100314
650 #7 - ASIENTO SECUNDARIO DE MATERIA - TERMINO TEMATICO [R]
9 (RLIN) 17855
Término temático o nombre geográfico como elemento de entrada [NR] Interacción social
700 1# - ASIENTO SECUNDARIO - NOMBRE PERSONAL [R]
9 (RLIN) 103852
Nombre personal [NR] Gros, Alexis E.
Término de relación [R] traductor
942 ## - ELEMENTOS DE ENTRADA AGREGADOS (KOHA)
Tipo de ítem principal el descrito en 300a Libro
Sistema de clasificación DEWEY
Tema principal Sociología
Edición 1
Clasificación 301.01
Parte restante de la signatura top. R788r
Título oculto en OPAC No
Existencias
Fecha de último préstamo Total préstamos Total Renewals Signatura topográfica Código de barras Última vez visto Ejemplar Costo de reposición Price effective from Tipo de ítem Perdido Sistema de clasificación Dañado No prestable Tipo de ítem específico Suprimido Ubicación habitual Ubicación actual Localización Fecha de creación Proveedor Forma de adquisición Costo
23/07/2024 7 6 301.01 R788r 100167415 09/12/2025 Ej.1 114000.00 21/05/2021 Libro   DEWEY     Libro   Claustro Claustro 2do piso 21/05/2021 157 Compra 114000.00